[Event "Quebec op U2000"]
[Site "Montreal CAN"]
[Date "2023.07.29"]
[Round "1.36"]
[White "Liu, Lucas"]
[Black "Hu, Raymond"]
[Result "1/2-1/2"]
[WhiteElo "1613"]
[BlackElo "1449"]
[PlyCount "99"]
[EventDate "2023.07.29"]
[EventType "swiss"]
[EventRounds "9"]
[EventCountry "CAN"]

1. d4 f5 2. c4 Nf6 3. g3 d6 4. Bg2 g6 5. Nc3 Bg7 6. e3 O-O 7. Nge2 c6 8. O-O
Qc7 9. b3 e5 10. Bb2 Na6 11. a3 Qe7 12. Qc2 Nh5 13. f4 e4 14. Rfd1 Nf6 15. b4
h5 16. d5 c5 17. b5 Nb8 18. h4 Ng4 19. Qd2 Bf6 20. Bh3 Kf7 21. Na4 Nd7 22. Bxg4
hxg4 23. Bxf6 Nxf6 24. Nac3 Rh8 25. a4 Nh5 26. Kg2 Bd7 27. Rh1 Rh7 28. Qe1 Rah8
29. Qf2 Qf6 30. a5 Qd8 31. a6 b6 32. Rac1 Ng7 33. Qe1 Ne8 34. Qd2 Nc7 35. Qb2
Bc8 36. Ra1 Qe7 37. Nd1 Ne8 38. Rb1 Nf6 39. Nec3 Ng8 40. Qf2 Qf6 41. Qb2 Qe7
42. Qf2 Ke8 43. Ne2 Nh6 44. Ndc3 Nf7 45. Rbg1 Rh6 46. Qe1 Qf8 47. Nd1 Qg7 48.
Qc3 Qh7 49. Nf2 Ke7 50. Qa1 1/2-1/2

[Event "Quebec op U2000"]
[Site "Montreal CAN"]
[Date "2023.07.29"]
[Round "1.37"]
[White "Avarian, Aram Sevag"]
[Black "Guillemette, Thomas"]
[Result "1-0"]
[WhiteElo "1952"]
[BlackElo "1600"]
[PlyCount "81"]
[EventDate "2023.07.29"]
[EventType "swiss"]
[EventRounds "9"]
[EventCountry "CAN"]

1. e4 c5 2. Nc3 d6 3. f4 Nf6 4. Nf3 g6 5. Bc4 Bg7 6. O-O Nc6 7. d3 O-O 8. Qe1
a6 9. Qh4 Nb4 10. Bb3 b5 11. f5 c4 12. dxc4 bxc4 13. Bxc4 Nxc2 14. fxg6 Be6 15.
Bxe6 fxe6 16. gxh7+ Nxh7 17. Rb1 Rb8 18. Bh6 Bxh6 19. Qxh6 Rf6 20. Qd2 Qb6+ 21.
Qf2 Ne3 22. Rfe1 Nc4 23. Qxb6 Rxb6 24. Re2 Rf8 25. b3 Na5 26. Nd4 Rc8 27. Na4
Rb4 28. Nxe6 Kf7 29. Nf4 Nf6 30. Rbe1 Nb7 31. Nd5 Nxd5 32. exd5 Rc7 33. h3 Rd4
34. Nb6 Nc5 35. Rf1+ Kg7 36. Rf5 Rb7 37. Nc8 Ne4 38. Rf4 Rd1+ 39. Kh2 Nc3 40.
Rxe7+ Rxe7 41. Nxe7 1-0

[Event "Quebec op U2000"]
[Site "Montreal CAN"]
[Date "2023.07.29"]
[Round "1.38"]
[White "Audet, Olivier"]
[Black "Templonuevo, Mark Geryl"]
[Result "1-0"]
[WhiteElo "1544"]
[BlackElo "1886"]
[PlyCount "93"]
[EventDate "2023.07.29"]
[EventType "swiss"]
[EventRounds "9"]
[EventCountry "CAN"]

1. c4 Nf6 2. Nc3 d5 3. cxd5 Nxd5 4. d4 g6 5. e4 Nxc3 6. bxc3 Bg7 7. Bc4 O-O 8.
Ne2 c5 9. O-O Nc6 10. Be3 Na5 11. Bb3 c4 12. Bc2 b6 13. Qd2 Re8 14. Ba4 Bd7 15.
Bxd7 Qxd7 16. f4 f5 17. Qc2 e6 18. Rab1 Qc6 19. Ng3 h5 20. Bd2 h4 21. Nh1 Bf6
22. g4 Kf7 23. Nf2 Rad8 24. Rfe1 h3 25. g5 Be7 26. Re3 Rh8 27. Rxh3 Rxh3 28.
Nxh3 Nb7 29. Re1 b5 30. Re3 Rh8 31. Nf2 fxe4 32. Ng4 Qd5 33. Qxe4 Qxe4 34. Rxe4
Rc8 35. Nh6+ Kg7 36. Rxe6 Ba3 37. f5 Rc7 38. Bf4 Rd7 39. Be5+ Kf8 40. Rxg6 Bd6
41. Bf6 Ke8 42. Rg8+ Bf8 43. g6 a5 44. g7 Rxg7+ 45. Bxg7 b4 46. Bxf8 Kd7 47.
cxb4 1-0

[Event "Quebec op U2000"]
[Site "Montreal CAN"]
[Date "2023.07.29"]
[Round "2.21"]
[White "Forget, Luc"]
[Black "Espagnol-Echeverria, Manuel"]
[Result "0-1"]
[WhiteElo "1771"]
[BlackElo "1806"]
[PlyCount "68"]
[EventDate "2023.07.29"]
[EventType "swiss"]
[EventRounds "9"]
[EventCountry "CAN"]

1. d4 Nf6 2. c4 g6 3. Nc3 Bg7 4. e4 d6 5. Nf3 O-O 6. Be2 Nbd7 7. O-O e5 8. Qc2
exd4 9. Nxd4 Re8 10. Rd1 Nc5 11. f3 Ne6 12. Be3 Qe7 13. Rac1 c6 14. Bf1 Nc7 15.
Bg5 h6 16. Bh4 g5 17. Bg3 Rd8 18. Nce2 Nh5 19. Bf2 Be6 20. Ng3 Nxg3 21. Bxg3
Rac8 22. Rd2 h5 23. Qd1 h4 24. Nxe6 fxe6 25. Bxd6 Rxd6 26. Rxd6 Nd5 27. Rxd5
cxd5 28. exd5 Qc5+ 29. Kh1 exd5 30. Qb3 b5 31. Qd1 bxc4 32. Qd2 Re8 33. Bd3 Qe3
34. Qxe3 Rxe3 0-1

[Event "Quebec op U2000"]
[Site "Montreal CAN"]
[Date "2023.07.29"]
[Round "2.22"]
[White "Duval, Mathieu"]
[Black "Democri, Fardin"]
[Result "1-0"]
[WhiteElo "1744"]
[BlackElo "1715"]
[PlyCount "111"]
[EventDate "2023.07.29"]
[EventType "swiss"]
[EventRounds "9"]
[EventCountry "CAN"]

1. d4 Nf6 2. c4 e6 3. Nc3 Bb4 4. e3 c5 5. Nge2 Ne4 6. a3 Qh4 7. g3 Qf6 8. f4
Ba5 9. Bg2 Nxc3 10. Nxc3 Nc6 11. Bxc6 bxc6 12. O-O Bxc3 13. bxc3 Qg6 14. dxc5
h5 15. Qd4 f5 16. e4 O-O 17. exf5 Rxf5 18. Ra2 Ba6 19. Rb2 Raf8 20. Re1 Qf7 21.
Rd1 e5 22. Qxd7 Qxc4 23. Qxc6 exf4 24. Bxf4 R8f6 25. Rb8+ Kh7 26. Qa8 Qxc5+ 27.
Kh1 Bb5 28. Rh8+ Kg6 29. Rh6+ Kf7 30. Qb7+ Kg8 31. Rd8+ Rf8 32. Rg6 R5f7 33.
Rxf8+ Qxf8 34. Qxb5 Qxa3 35. Qe8+ Rf8 36. Qe6+ Rf7 37. Qe1 Qb3 38. Re6 Qb5 39.
Re5 Qc6+ 40. Qe4 Qa6 41. Re8+ Rf8 42. Qe6+ Qxe6 43. Rxe6 h4 44. Be5 Kf7 45. Ra6
h3 46. Kg1 Re8 47. Rxa7+ Kg6 48. Rxg7+ Kh6 49. Bd4 Re1+ 50. Kf2 Rh1 51. g4
Rxh2+ 52. Kg3 Rc2 53. Kh4 Rg2 54. g5+ Rxg5 55. Rxg5 h2 56. Rh5+ 1-0

[Event "Quebec op U2000"]
[Site "Montreal CAN"]
[Date "2023.07.29"]
[Round "2.24"]
[White "Tachijian, Mardig"]
[Black "Fiset, Anais Chloe"]
[Result "1-0"]
[WhiteElo "1717"]
[BlackElo "1457"]
[PlyCount "79"]
[EventDate "2023.07.29"]
[EventType "swiss"]
[EventRounds "9"]
[EventCountry "CAN"]

1. d4 d5 2. Nf3 Nf6 3. g3 c5 4. e3 Nc6 5. Bg2 cxd4 6. exd4 Bf5 7. a3 e6 8. O-O
Bd6 9. Re1 h6 10. Nc3 O-O 11. h3 Qb6 12. g4 Bh7 13. b4 Ne4 14. Na4 Qc7 15. Be3
Rfd8 16. Nc5 e5 17. Rc1 exd4 18. Nxd4 Bxc5 19. bxc5 Nxc5 20. Nb5 Qa5 21. Bxc5
Qxb5 22. Be7 Rd7 23. c4 Qa5 24. Bb4 Nxb4 25. axb4 Qxb4 26. Bxd5 Rad8 27. Re3 a5
28. Rb3 Qe7 29. Ra1 Qc5 30. Qf3 b6 31. Re1 Qc7 32. Qe3 Qc5 33. Rxb6 Qxe3 34.
Rxe3 Ra7 35. Ra3 Rc8 36. c5 Bc2 37. c6 a4 38. Rb7 Rxb7 39. cxb7 Rd8 40. Rc3 1-0

[Event "Quebec op U2000"]
[Site "Montreal CAN"]
[Date "2023.07.29"]
[Round "2.25"]
[White "Cloutier, Jean-Pierre"]
[Black "Alcantara, Maximo"]
[Result "0-1"]
[WhiteElo "1654"]
[BlackElo "1875"]
[PlyCount "138"]
[EventDate "2023.07.29"]
[EventType "swiss"]
[EventRounds "9"]
[EventCountry "CAN"]

1. d4 Nf6 2. Bf4 d5 3. e3 e6 4. Nf3 c5 5. c3 Nc6 6. Nbd2 cxd4 7. exd4 Bd6 8.
Ne5 Bxe5 9. dxe5 Nd7 10. Bb5 Qh4 11. Bg3 Qg5 12. Nf3 Qe7 13. O-O h6 14. Bxc6
bxc6 15. Nd4 Bb7 16. b4 O-O 17. Rb1 Rfc8 18. Re1 a6 19. Nb3 Rab8 20. Na5 Ba8
21. Qe2 Rb6 22. f3 c5 23. Bf2 Bc6 24. Nb3 Bb5 25. Qd2 Rbc6 26. bxc5 Bc4 27. Na5
Rxc5 28. Nb7 R5c7 29. Nd6 Rd8 30. f4 Rc6 31. Rb7 Rxd6 32. exd6 Qxd6 33. Reb1
Bb5 34. Qd4 Qc6 35. Ra7 Nf6 36. Qc5 Rc8 37. Qe7 Qe8 38. Qxe8+ Nxe8 39. Bd4 Nd6
40. a4 Bxa4 41. Rxa6 Bc2 42. Rc1 Nf5 43. Rca1 Nxd4 44. cxd4 Rc4 45. R6a2 Be4
46. Rd2 g5 47. fxg5 hxg5 48. g3 g4 49. Kf2 Kg7 50. Ke3 f6 51. Kf2 Kg6 52. Rf1
Rc3 53. Ra1 Rf3+ 54. Ke2 Rc3 55. Rf1 Bf3+ 56. Kf2 Kf5 57. Re1 Be4 58. Ke2 e5
59. dxe5 fxe5 60. Rf1+ Bf3+ 61. Kf2 d4 62. Ra1 Ke4 63. Re1+ Kd5 64. Ra1 Rc5 65.
Re1 e4 66. h3 gxh3 67. Kg1 d3 68. Rf1 Kd4 69. Kh2 Ke3 0-1

[Event "Quebec op U2000"]
[Site "Montreal CAN"]
[Date "2023.07.29"]
[Round "2.26"]
[White "Beaupre, Eugene"]
[Black "Audet, Olivier"]
[Result "1-0"]
[WhiteElo "1825"]
[BlackElo "1544"]
[PlyCount "99"]
[EventDate "2023.07.29"]
[EventType "swiss"]
[EventRounds "9"]
[EventCountry "CAN"]

1. e4 e6 2. d3 d5 3. Nd2 c5 4. g3 Nc6 5. Bg2 d4 6. Nc4 b5 7. e5 Bb7 8. Nd6+
Bxd6 9. exd6 Qxd6 10. Bf4 e5 11. Qe2 f6 12. Nf3 O-O-O 13. Bd2 Nge7 14. O-O g5
15. a4 b4 16. a5 a6 17. Rfd1 h5 18. Be1 h4 19. Nd2 Na7 20. Bxb7+ Kxb7 21. Qf3+
Qc6 22. Ne4 Nd5 23. c4 dxc3 24. bxc3 bxc3 25. Rdc1 Nb5 26. Rab1 Ka7 27. Nxc3
hxg3 28. fxg3 Nd4 29. Qg2 Nxc3 30. Qxc6 Nce2+ 31. Kg2 Nxc6 32. Rxc5 Ned4 33.
Rb6 Rd6 34. Bf2 Rc8 35. Rc4 Rc7 36. h4 gxh4 37. gxh4 f5 38. Kh3 f4 39. h5 Rh6
40. Kh4 Nf5+ 41. Kg5 Rg7+ 42. Kxf5 Ne7+ 43. Ke4 Rxb6 44. axb6+ Kb8 45. Rc7 Rh7
46. Bc5 Ng8 47. Rxh7 Nf6+ 48. Kxe5 Nxh7 49. Kxf4 Nf6 50. h6 1-0

[Event "Quebec op U2000"]
[Site "Montreal CAN"]
[Date "2023.07.29"]
[Round "2.27"]
[White "Ouni, Iheb"]
[Black "Cloutier, Eric"]
[Result "0-1"]
[WhiteElo "1189"]
[BlackElo "1815"]
[PlyCount "94"]
[EventDate "2023.07.29"]
[EventType "swiss"]
[EventRounds "9"]
[EventCountry "CAN"]

1. e4 c6 2. d4 d5 3. e5 Bf5 4. Nf3 e6 5. Bd3 Bxd3 6. Qxd3 Qa5+ 7. Bd2 Qa6 8.
Qxa6 Nxa6 9. a3 c5 10. Be3 cxd4 11. Bxd4 Nc5 12. Nc3 Rc8 13. b4 Ne4 14. Nxe4
dxe4 15. Ng5 Rxc2 16. Bxa7 Rc4 17. O-O h6 18. Nh3 f5 19. exf6 gxf6 20. Rac1
Rxc1 21. Rxc1 Kd7 22. Bb6 Bd6 23. Rd1 Ne7 24. Bc5 Nd5 25. Bxd6 Kxd6 26. a4 Ra8
27. a5 Kc6 28. Re1 f5 29. f3 e3 30. f4 Kb5 31. Rb1 Rc8 32. Kf1 Rc4 33. Ng1
Rxf4+ 34. Nf3 Nxb4 35. Ke2 Re4 36. Rb3 f4 37. g3 e5 38. gxf4 exf4 39. Ne1 Kxa5
40. Ra3+ Kb5 41. Rb3 Kc4 42. Ra3 Re6 43. Ra4 Ra6 44. Rxa6 bxa6 45. Kf3 Nd5 46.
Ng2 a5 47. Nxf4 Nxf4 0-1

[Event "Quebec op U2000"]
[Site "Montreal CAN"]
[Date "2023.07.29"]
[Round "2.28"]
[White "Morin, Louis"]
[Black "Craciun, David"]
[Result "0-1"]
[WhiteElo "1806"]
[BlackElo "1930"]
[PlyCount "40"]
[EventDate "2023.07.29"]
[EventType "swiss"]
[EventRounds "9"]
[EventCountry "CAN"]

1. e4 e5 2. Nf3 Nc6 3. Bc4 Bc5 4. b4 Bxb4 5. c3 Ba5 6. d4 exd4 7. O-O Nf6 8.
Ba3 d6 9. e5 d5 10. exf6 dxc4 11. fxg7 Rg8 12. Bf8 d3 13. Re1+ Be6 14. Qa4 Qf6
15. Nd4 Bb6 16. Nd2 Bxd4 17. cxd4 O-O-O 18. Nf3 Nxd4 19. Nxd4 Qxd4 20. Rac1 d2
0-1

[Event "Quebec op U2000"]
[Site "Montreal CAN"]
[Date "2023.07.29"]
[Round "2.29"]
[White "Hu, Raymond"]
[Black "Morais, Antoine"]
[Result "1-0"]
[WhiteElo "1449"]
[BlackElo "1532"]
[PlyCount "87"]
[EventDate "2023.07.29"]
[EventType "swiss"]
[EventRounds "9"]
[EventCountry "CAN"]

1. e4 e5 2. Nf3 Nc6 3. Bb5 a6 4. Ba4 Nf6 5. O-O b5 6. Bb3 Bc5 7. Re1 d6 8. h3
Na5 9. c3 Nxb3 10. Qxb3 Be6 11. Qc2 O-O 12. d4 exd4 13. cxd4 Bb6 14. Bg5 h6 15.
Bh4 Qd7 16. Kh2 Qc8 17. Bxf6 gxf6 18. Qd2 Kh7 19. Qf4 Rg8 20. Qxf6 Rg6 21. Qf4
Qg8 22. g3 Qg7 23. e5 Rg8 24. Nc3 d5 25. Ne2 c6 26. Qe3 Bd8 27. Qd3 Kh8 28. Rg1
h5 29. Nf4 Rh6 30. Nxe6 Rxe6 31. Qf5 Rh6 32. Rae1 Rf8 33. h4 Qg4 34. Qxg4 hxg4
35. Nd2 Bb6 36. Nb3 a5 37. Rc1 Kg7 38. Nc5 Bxc5 39. Rxc5 a4 40. Rgc1 Rc8 41.
Rxb5 cxb5 42. Rxc8 Rb6 43. Rc5 b4 44. Rxd5 1-0

[Event "Quebec op U2000"]
[Site "Montreal CAN"]
[Date "2023.07.29"]
[Round "2.30"]
[White "Plante, Michel"]
[Black "Liu, Lucas"]
[Result "0-1"]
[WhiteElo "2010"]
[BlackElo "1613"]
[PlyCount "55"]
[EventDate "2023.07.29"]
[EventType "swiss"]
[EventRounds "9"]
[EventCountry "CAN"]

1. d4 Nf6 2. Nc3 d5 3. Bf4 e6 4. e3 Bb4 5. Bd3 O-O 6. Nge2 Nbd7 7. a3 Ba5 8. g4
Nxg4 9. Rg1 Qh4 10. Bg3 Qe7 11. Nf4 Bxc3+ 12. bxc3 Ngf6 13. Bh4 Qd6 14. Qf3 Kh8
15. Kd2 e5 16. Qg3 Rg8 17. Bxf6 Qxf6 18. Nxd5 Qd6 19. Bxh7 Kxh7 20. Nxc7 Nb8
21. Nb5 Qf6 22. Nxa7 exd4 23. cxd4 Rd8 24. Rab1 Kg8 25. Rb5 g6 26. h4 Qa6 27.
h5 Qxa7 28. hxg6 {illisible} 0-1

[Event "Quebec op U2000"]
[Site "Montreal CAN"]
[Date "2023.07.29"]
[Round "2.31"]
[White "Templonuevo, Mark Geryl"]
[Black "Bedhouche, Rayan"]
[Result "1/2-1/2"]
[WhiteElo "1886"]
[BlackElo "1850"]
[PlyCount "142"]
[EventDate "2023.07.29"]
[EventType "swiss"]
[EventRounds "9"]
[EventCountry "CAN"]

1. d4 e6 2. c4 Nf6 3. g3 d5 4. Bg2 Be7 5. Nf3 dxc4 6. O-O O-O 7. Na3 Nc6 8.
Nxc4 Rb8 9. Nce5 Bd7 10. Qd3 Nb4 11. Qb1 Ba4 12. b3 Bb5 13. Re1 c5 14. a3 Nbd5
15. Bb2 Nb6 16. e4 Nfd7 17. a4 Ba6 18. a5 Nxe5 19. Nxe5 Nd7 20. dxc5 Nxc5 21.
Rd1 Qc7 22. b4 f6 23. Nf3 Nb3 24. Ra3 Bc4 25. Qc2 Rbc8 26. Rxb3 Bxb3 27. Qxb3
Qc4 28. Qxc4 Rxc4 29. b5 Bc5 30. Ne1 Rb4 31. Nd3 Rd8 32. Ba3 Rxb5 33. Bxc5 Rxc5
34. Nxc5 Rxd1+ 35. Bf1 b6 36. axb6 axb6 37. Nxe6 b5 38. Kg2 b4 39. Bc4 Rc1 40.
Bd5 Rc3 41. g4 Kf7 42. Nd4+ Ke8 43. h4 Kd7 44. g5 Rd3 45. Nb3 Kd6 46. Nc1 Ra3
47. Nb3 Ra2 48. Kg3 f5 49. f3 Ke5 50. Nc1 f4+ 51. Kh3 Ra3 52. Nb3 Ra2 53. Nc5
Ra3 54. Kg4 Rc3 55. Ne6 b3 56. Nxf4 b2 57. Ba2 Ra3 58. Bb1 Ra1 59. Nd3+ Kd4 60.
Bc2 b1=Q 61. Bxb1 Rxb1 62. Nf4 Rg1+ 63. Kf5 Rf1 64. Ne6+ Ke3 65. f4 g6+ 66. Kf6
Kxe4 67. Kg7 Kf5 68. Kxh7 Kxe6 69. Kxg6 Rxf4 70. h5 Rg4 71. h6 Rxg5+ 1/2-1/2

[Event "Quebec op U2000"]
[Site "Montreal CAN"]
[Date "2023.07.29"]
[Round "2.32"]
[White "Giroux, Robert"]
[Black "Blanchet, Robert"]
[Result "1-0"]
[WhiteElo "1843"]
[BlackElo "1810"]
[PlyCount "81"]
[EventDate "2023.07.29"]
[EventType "swiss"]
[EventRounds "9"]
[EventCountry "CAN"]

1. Nf3 Nf6 2. b3 b6 3. g3 d5 4. Bg2 Bb7 5. O-O Nbd7 6. Bb2 e6 7. c4 Bd6 8. Nc3
c6 9. cxd5 exd5 10. d4 O-O 11. Re1 Re8 12. Qc2 Ne4 13. Nd2 f5 14. e3 Ndf6 15.
Nf1 Ba6 16. Rad1 Ng4 17. Nxe4 fxe4 18. Qd2 Rf8 19. Qc2 Rc8 20. Rd2 Bd3 21. Qd1
Bb4 22. Qxg4 Bxf1 23. Rxf1 Bxd2 24. Ba3 Rf6 25. Qe2 Ba5 26. b4 b5 27. bxa5 Qxa5
28. Bc5 Qc7 29. Bh3 Rb8 30. f3 Rh6 31. Bg2 exf3 32. Rxf3 Rf6 33. Rxf6 gxf6 34.
Qg4+ Kf7 35. Qf5 Kg7 36. Qg4+ Kh8 37. Qf5 Kg7 38. e4 Qa5 39. h4 Qe1+ 40. Kh2
Qb1 41. Be7 1-0

[Event "Quebec op U2000"]
[Site "Montreal CAN"]
[Date "2023.07.29"]
[Round "2.33"]
[White "Chasles, Jean-Benoit"]
[Black "Baran, Marius"]
[Result "1/2-1/2"]
[WhiteElo "1825"]
[BlackElo "1803"]
[PlyCount "166"]
[EventDate "2023.07.29"]
[EventType "swiss"]
[EventRounds "9"]
[EventCountry "CAN"]

1. e4 d5 2. exd5 Nf6 3. Bb5+ Bd7 4. Bc4 Bg4 5. f3 Bc8 6. Nc3 Nbd7 7. d4 Nb6 8.
Bb3 Nfxd5 9. Nxd5 Nxd5 10. c4 Nf6 11. Ne2 e6 12. Bf4 Bd6 13. Qd2 O-O 14. g4 b6
15. O-O-O Bb7 16. d5 exd5 17. cxd5 Re8 18. Rhe1 Bxf4 19. Nxf4 Qd6 20. g5 Rxe1
21. Rxe1 Nd7 22. h4 Kf8 23. Bc2 g6 24. Qd4 Kg8 25. h5 Qc5 26. Qe4 a5 27. Kb1
Qb4 28. Qe3 Qc5 29. hxg6 hxg6 30. Qe4 Qb4 31. Qxb4 axb4 32. Re4 Kf8 33. Rxb4
Re8 34. Re4 Re5 35. Rxe5 Nxe5 36. Be4 Ba6 37. Kc2 Ke7 38. Kc3 Kd6 39. b4 Bf1
40. Kd4 b5 41. a3 Nc4 42. Nd3 Nxa3 43. Ne5 Ke7 44. Kc5 Nc4 45. Nxc4 bxc4 46.
Kc6 Kd8 47. Kc5 Kd7 48. Kd4 Kd6 49. f4 Be2 50. Ke3 Bf1 51. Kd4 Be2 52. Bg2 Bd3
53. Bf3 Bf1 54. Be4 Be2 55. Bc2 Bd3 56. Ba4 Bf1 57. Be8 Ke7 58. Bc6 Kd6 59. Ba4
Be2 60. Bc6 Bf1 61. Kc3 Be2 62. Be8 Kxd5 63. Bxf7+ Ke4 64. Bxg6+ Kxf4 65. Bf7
Kxg5 66. Bxc4 Bf3 67. Kd4 Kf6 68. Kc5 Ke7 69. Bd3 Kd8 70. Bf5 Bg2 71. Bd3 Bf3
72. Kb5 Kd7 73. Kc5 Bg2 74. Bf5+ Ke7 75. Bd3 Bf3 76. Bb5 Kd8 77. Kd4 c6 78. Ba4
Kc7 79. Bc2 Kb6 80. Bd3 Bg2 81. Be2 Bh1 82. Kc4 Bd5+ 83. Kd4 Bb3 1/2-1/2

[Event "Quebec op U2000"]
[Site "Montreal CAN"]
[Date "2023.07.29"]
[Round "2.34"]
[White "Arsenault, Alexis"]
[Black "Beaulieu, Pierre"]
[Result "1-0"]
[WhiteElo "1667"]
[BlackElo "1758"]
[PlyCount "58"]
[EventDate "2023.07.29"]
[EventType "swiss"]
[EventRounds "9"]
[EventCountry "CAN"]

1. e4 g6 2. d4 Bg7 3. c3 d6 4. Be3 Nf6 5. f3 Nbd7 6. Bc4 a6 7. Ne2 b5 8. Bb3
Bb7 9. O-O c5 10. Qe1 e5 11. Qh4 O-O 12. Rd1 Qc7 13. Bh6 Rfe8 14. Bxg7 Kxg7 15.
Nd2 d5 16. dxc5 Qxc5+ 17. Kh1 Nh5 18. exd5 Qe3 19. Ng3 Nxg3+ 20. Qxg3 f5 21.
Nf1 Qb6 22. Re1 Rad8 23. f4 exf4 24. Qxf4 Nf6 25. Ne3 Bc8 26. Nc2 Ne4 27. Nd4
Qf6 28. Bc2 g5 29. Qf3 Qe5 1-0

[Event "Quebec op U2000"]
[Site "Montreal CAN"]
[Date "2023.07.29"]
[Round "2.35"]
[White "St-Germain, Jack"]
[Black "Goldner, John"]
[Result "0-1"]
[WhiteElo "1635"]
[BlackElo "1628"]
[PlyCount "52"]
[EventDate "2023.07.29"]
[EventType "swiss"]
[EventRounds "9"]
[EventCountry "CAN"]

1. c4 e6 2. d4 d5 3. Nc3 c5 4. e3 Nf6 5. Nf3 Nc6 6. cxd5 exd5 7. Be2 Be7 8.
dxc5 Bxc5 9. O-O O-O 10. a3 a5 11. Qc2 Bd6 12. Nb5 Bb8 13. Rd1 Ne4 14. b3 Bf5
15. Bd3 Qb6 16. Nc3 Qc5 17. Nxe4 Qxc2 18. Bxc2 Bxe4 19. Bxe4 dxe4 20. Ng5 Be5
21. Ra2 f5 22. Rd7 Bc3 23. Kf1 Rfd8 24. Rxd8+ Rxd8 25. Rc2 Rd1+ 26. Ke2 Re1#
0-1

[Event "Quebec op U2000"]
[Site "Montreal CAN"]
[Date "2023.07.29"]
[Round "2.36"]
[White "Selling, Edward"]
[Black "Nardone, Raul"]
[Result "0-1"]
[WhiteElo "1625"]
[BlackElo "1765"]
[PlyCount "50"]
[EventDate "2023.07.29"]
[EventType "swiss"]
[EventRounds "9"]
[EventCountry "CAN"]

1. d4 f5 2. c4 Nf6 3. Nc3 e6 4. Nf3 d5 5. e3 c6 6. Bd3 Bd6 7. a3 O-O 8. O-O Ne4
9. Qc2 Nd7 10. cxd5 exd5 11. b4 Qe8 12. b5 Qh5 13. h3 Rf6 14. Bb2 g5 15. Be2
Qg6 16. Nxe4 fxe4 17. Ne5 Qe8 18. f4 exf3 19. Nxd7 Qxe3+ 20. Kh1 Bxd7 21. Bxf3
Bxh3 22. Rae1 Rxf3 23. gxf3 Qf4 24. Bc1 Qh4 25. Rf2 Bf5+ 0-1

[Event "Quebec op U2000"]
[Site "Montreal CAN"]
[Date "2023.07.29"]
[Round "2.37"]
[White "Yang, Jing Yao"]
[Black "Brassard, Sylvain"]
[Result "1-0"]
[WhiteElo "1555"]
[BlackElo "1725"]
[PlyCount "48"]
[EventDate "2023.07.29"]
[EventType "swiss"]
[EventRounds "9"]
[EventCountry "CAN"]

1. d4 d5 2. c4 Nc6 3. Nf3 Bg4 4. e3 e5 5. Qb3 Bxf3 6. gxf3 Nf6 7. cxd5 Nxd5 8.
Qxb7 Bb4+ 9. Bd2 Bxd2+ 10. Nxd2 Ncb4 11. Qb5+ c6 12. Qa4 a5 13. Nc4 exd4 14. a3
O-O 15. axb4 axb4 16. Qxa8 Qe7 17. Qxc6 Nf4 18. Qe4 Ne6 19. Ra8 b3 20. Bh3 Qb4+
21. Nd2 Nc5 22. Rxf8+ Kxf8 23. Qxd4 Qxd4 24. exd4 Nd3+ 1-0

[Event "Quebec op U2000"]
[Site "Montreal CAN"]
[Date "2023.07.30"]
[Round "3.22"]
[White "Espagnol-Echeverria, Manuel"]
[Black "Duval, Mathieu"]
[Result "1-0"]
[WhiteElo "1806"]
[BlackElo "1744"]
[PlyCount "51"]
[EventDate "2023.07.29"]
[EventType "swiss"]
[EventRounds "9"]
[EventCountry "CAN"]

1. e4 c5 2. Nf3 d6 3. Bb5+ Bd7 4. Bxd7+ Nxd7 5. O-O g6 6. c3 Bg7 7. d4 cxd4 8.
cxd4 Ngf6 9. e5 dxe5 10. dxe5 Ne4 11. Qe2 Nec5 12. b4 Ne6 13. Bb2 O-O 14. Nc3
Nb6 15. Rfd1 Qc7 16. Rac1 Qc4 17. Qe4 Qxe4 18. Nxe4 Rac8 19. Nc5 Bh6 20. Rc2
Na4 21. Bc1 Naxc5 22. Bxh6 Rfd8 23. Rdc1 Nd4 24. Nxd4 Rxd4 25. Rxc5 Rcd8 26.
Rc8 1-0

[Event "Quebec op U2000"]
[Site "Montreal CAN"]
[Date "2023.07.30"]
[Round "3.23"]
[White "Kozlov, Guennadi"]
[Black "Beaupre, Eugene"]
[Result "1-0"]
[WhiteElo "1711"]
[BlackElo "1825"]
[PlyCount "69"]
[EventDate "2023.07.29"]
[EventType "swiss"]
[EventRounds "9"]
[EventCountry "CAN"]

1. e4 c5 2. c3 d5 3. exd5 Nf6 4. Nf3 Nxd5 5. d4 e6 6. Bd3 Nc6 7. Bc2 Qb6 8.
dxc5 Bxc5 9. O-O O-O 10. Ng5 Nf6 11. Qe2 a5 12. Ne4 Nxe4 13. Qxe4 f5 14. Qe2
Ne7 15. Nd2 Nd5 16. Nf3 Bd6 17. Bb3 a4 18. Bxd5 exd5 19. Be3 Qc7 20. Bd4 f4 21.
Be5 Bg4 22. Bxd6 Qxd6 23. Qd3 Bf5 24. Qd2 Be4 25. Ng5 Qg6 26. Nxe4 dxe4 27. Kh1
Ra5 28. Rad1 Qh5 29. Qd7 Raf5 30. Qe6+ Kh8 31. Qxe4 f3 32. g4 Qh3 33. Rg1 R5f7
34. Rd5 Rf4 35. Qxf4 1-0

[Event "Quebec op U2000"]
[Site "Montreal CAN"]
[Date "2023.07.30"]
[Round "3.24"]
[White "Cloutier, Eric"]
[Black "Tachijian, Mardig"]
[Result "0-1"]
[WhiteElo "1815"]
[BlackElo "1717"]
[PlyCount "46"]
[EventDate "2023.07.29"]
[EventType "swiss"]
[EventRounds "9"]
[EventCountry "CAN"]

1. e4 c5 2. Nc3 Nc6 3. g3 g6 4. Bg2 Bg7 5. d3 d6 6. Be3 Nf6 7. h3 Rb8 8. Nge2
e5 9. Qd2 Nd4 10. Nd1 O-O 11. c3 Nxe2 12. Qxe2 b5 13. a3 a5 14. O-O Be6 15. f4
Nh5 16. Kh2 exf4 17. gxf4 f5 18. Bf3 fxe4 19. Bxe4 Qh4 20. Qf3 Nxf4 21. Qg3
Qxg3+ 22. Kxg3 Nh5+ 23. Kg2 Bxh3+ 0-1

[Event "Quebec op U2000"]
[Site "Montreal CAN"]
[Date "2023.07.30"]
[Round "3.25"]
[White "Craciun, David"]
[Black "Madanchi, Ata"]
[Result "1-0"]
[WhiteElo "1930"]
[BlackElo "1836"]
[PlyCount "81"]
[EventDate "2023.07.29"]
[EventType "swiss"]
[EventRounds "9"]
[EventCountry "CAN"]

1. d4 d5 2. Bf4 Nf6 3. e3 c5 4. Nf3 Nc6 5. Nc3 Qa5 6. Qd2 c4 7. Ne5 e6 8. Be2
Bb4 9. f3 O-O 10. O-O Nh5 11. Nxc6 bxc6 12. Bg5 f6 13. Bh4 g6 14. f4 Ng7 15. e4
c5 16. a3 Bxc3 17. bxc3 dxe4 18. Bxc4 Nf5 19. Bf2 Nd6 20. Be2 c4 21. Rfb1 Bb7
22. Rxb7 Nxb7 23. Bxc4 Rad8 24. Bxe6+ Kh8 25. Qe3 Rfe8 26. d5 Nd6 27. Qxa7 Qxa7
28. Bxa7 Nb5 29. Bb6 Rd6 30. Bc5 Rdd8 31. Bf7 Nxc3 32. Bxe8 Rxe8 33. d6 Rd8 34.
Kf2 Nd5 35. g3 Kg8 36. c4 Nc3 37. a4 Kf7 38. Bd4 e3+ 39. Kxe3 Re8+ 40. Kd3 Ne4
41. d7 1-0

[Event "Quebec op U2000"]
[Site "Montreal CAN"]
[Date "2023.07.30"]
[Round "3.26"]
[White "Liu, Lucas"]
[Black "De Lagrave, Sylvain"]
[Result "0-1"]
[WhiteElo "1613"]
[BlackElo "1792"]
[PlyCount "56"]
[EventDate "2023.07.29"]
[EventType "swiss"]
[EventRounds "9"]
[EventCountry "CAN"]

1. d4 d5 2. c4 c6 3. Nc3 Nf6 4. Nf3 e6 5. Bg5 Nbd7 6. e3 Qa5 7. Bxf6 Nxf6 8.
Nd2 Bb4 9. Qc2 O-O 10. Bd3 b6 11. cxd5 exd5 12. O-O Bxc3 13. bxc3 Ba6 14. a4
Bxd3 15. Qxd3 c5 16. Nb3 c4 17. Nxa5 cxd3 18. Nc6 Rfe8 19. Rfd1 Rac8 20. Nxa7
Rxc3 21. Nb5 Rb3 22. Rac1 g6 23. Rc3 Rxc3 24. Nxc3 Rc8 25. Rxd3 Ne4 26. Ne2 Rc2
27. Kf1 Ra2 28. f3 Ra1+ 0-1

[Event "Quebec op U2000"]
[Site "Montreal CAN"]
[Date "2023.07.30"]
[Round "3.27"]
[White "Goldner, John"]
[Black "Hu, Raymond"]
[Result "0-1"]
[WhiteElo "1628"]
[BlackElo "1449"]
[PlyCount "62"]
[EventDate "2023.07.29"]
[EventType "swiss"]
[EventRounds "9"]
[EventCountry "CAN"]

1. e4 c5 2. b4 cxb4 3. Nf3 d5 4. exd5 Nf6 5. Bb5+ Bd7 6. Bc4 b5 7. Bb3 a5 8. a3
Na6 9. Ne5 a4 10. Ba2 Qb8 11. d4 bxa3 12. Bxa3 b4 13. Bc1 Nc7 14. d6 Ne6 15.
Nxd7 Kxd7 16. Bxe6+ fxe6 17. dxe7 Bxe7 18. O-O Qc7 19. Qe2 Rhc8 20. Re1 Qc4 21.
Bf4 Qxe2 22. Rxe2 Nd5 23. Be5 b3 24. c4 Rxc4 25. Nd2 Rc2 26. Kf1 b2 27. Rb1 Nc3
28. d5 Nxb1 29. dxe6+ Ke8 30. Nxb1 Rxe2 31. Kxe2 a3 0-1